000 00318nam a22001337a 4500
999 _c532933
_d532933
003 NUST
038 _aM.Ramzan
082 _a346.4102
_bKNW
100 _aKnowles, Roger
_926547
245 _a150 Contratual Problems and their solutions /
260 _aUK:
_bBlack Well,
_c2005.
300 _a301 p, :
942 _2ddc
_cBK